=LDR 00000nam 2200000 4500 =001 NUTBA000000000002621 =005 20251104105523 =035 ##$$a 0010-061400000000564 =008 251104###########################0#ind## =020 ##$$a 978-979-29-2743 =040 ##$$a NBPDMAT =082 ##$$a 680 =090 ##$$a 680 $b Lis y =100 ##$$a Lisdy Rahayu =245 1#$$a Yuk berkreasi dengan benang dan kain /$c Lisdy Rahayu =250 ##$$a Ed. 1 =260 ##$$a Yogyakarta :$b Gramedia,$c 2012 =300 ##$$a iv, 52 hlm : $b ilus. ; $c 23 cm. =650 #4$$a Kerajinan tangan =084 ##$$a 680 LIS y =990 ##$$a 21401997 =990 ##$$a 21401998 =990 ##$$a 21401979 =990 ##$$a 21401980 =990 ##$$a 21401981 =990 ##$$a 21400613/BPAP-NTB/20142014 =990 ##$$a 0001/BPAP-NTB/2016 =990 ##$$a 21401998 =990 ##$$a 21401997 =990 ##$$a 21401979 =990 ##$$a 21401980 =990 ##$$a 21401981 =990 ##$$a 21400613/BPAP-NTB/20142014 =990 ##$$a 0001/BPAP-NTB/2016 =990 ##$$a 21401997 =990 ##$$a 21401998 =990 ##$$a 21401979 =990 ##$$a 21401980 =990 ##$$a 21401981 =990 ##$$a 21400613/BPAP-NTB/20142014 =990 ##$$a 0001/BPAP-NTB/2016